书目信息 |
| 题名: |
计算机实用操作经典(五合一)与上机操作实例指导
|
|
| 作者: | 崔亚量 , 成兰 主编 | |
| 分册: | ||
| 出版信息: | 成都 电子科技大学出版社 2006.10 |
|
| 页数: | 306页 | |
| 开本: | 23cm | |
| 丛书名: | 计算机入门讲练互动课堂 | |
| 单 册: | ||
| 中图分类: | TP3 | |
| 科图分类: | ||
| 主题词: | 电子计算机--dian zi ji suan ji--操作--自学参考资料 | |
| 电子资源: | ||
| ISBN: | 7-81114-240-6 | |
| 000 | 01152nam 2200277 450 | |
| 001 | 012007486711 | |
| 005 | 20071110111545.63 | |
| 010 | @a7-81114-240-6@dCNY28.00 (含光盘) | |
| 100 | @a20071110d2006 km y0chiy0120 ea | |
| 101 | 0 | @achi |
| 102 | @aCN@b510000 | |
| 105 | @aa z 000yy | |
| 106 | @ar | |
| 200 | 1 | @a计算机实用操作经典(五合一)与上机操作实例指导@Aji suan ji shi yong cao zuo jing dian(wu he yi)yu shang ji cao zuo shi li zhi dao@f崔亚量, 成兰主编@Fcui ya liang,cheng lan zhu bian |
| 210 | @a成都@c电子科技大学出版社@d2006.10 | |
| 215 | @a306页@c图@d23cm@e光盘1片 | |
| 225 | 2 | @a计算机入门讲练互动课堂@Aji suan ji ru men jiang lian hu dong ke tang |
| 307 | @a光盘 ISBN : 7-900423-36-2 | |
| 330 | @a本书的内容涵盖了计算机基础知识、操作系统Windows XP/Server/2003、文字处理软件Word 2003、电子表格Excel 2003、演示文稿PowerPoint 2003及Internet应用等方面。 | |
| 410 | 0 | @12001 @a计算机入门讲练互动课堂 |
| 606 | 0 | @a电子计算机@Adian zi ji suan ji@x操作@j自学参考资料 |
| 690 | @aTP3@v4 | |
| 701 | 0 | @a崔亚量@Acui ya liang@4主编 |
| 701 | 0 | @a成兰@Acheng lan@4主编 |
| 801 | 0 | @aCN@bQSSK@c20071110 |
| 905 | @b267981-82@dTP3@eC979@f2 | |
| 计算机实用操作经典(五合一)与上机操作实例指导/崔亚量, 成兰主编.-成都:电子科技大学出版社,2006.10 |
| 306页:图;23cm+光盘1片.-(计算机入门讲练互动课堂) |
| ISBN 7-81114-240-6:CNY28.00 (含光盘) |
| 本书的内容涵盖了计算机基础知识、操作系统Windows XP/Server/2003、文字处理软件Word 2003、电子表格Excel 2003、演示文稿PowerPoint 2003及Internet应用等方面。 |
| ● |
| 相关链接 |
|
|
|
正题名:计算机实用操作经典(五合一)与上机操作实例
索取号:TP3/C979
 
预约/预借
| 序号 | 登录号 | 条形码 | 馆藏地/架位号 | 状态 | 备注 |
| 1 | 267981 | 202679814 | 自科库301/301自科库 43排5列2层/ [索取号:TP3/C979] | 在馆 | |
| 2 | 267982 | 202679823 | 自科库301/301自科库 43排5列2层/ [索取号:TP3/C979] | 在馆 |